| 000 | 00573nam a22001697a 4500 | ||
|---|---|---|---|
| 003 | NUST | ||
| 038 | _aNusrat Nadeem | ||
| 082 | _a200 | ||
| 100 |
_aImran, Ayesha _9125254 |
||
| 245 |
_aClassroom Management as an Outcome of Sense of Efficacy in School Teachers, Burnout & School Climate/ _cAyesha Imran, |
||
| 264 |
_aIslamabad; _bS3H NUST; _c2024. |
||
| 300 |
_a136,p; _bill; _c30,cm. |
||
| 650 |
_aMS-Behavioral Sciences _9114387 |
||
| 700 |
_aSupervisor: Dr. Tamkeen Ashraf _9125255 |
||
| 856 | _uhttp://10.250.8.41:8080/xmlui/handle/123456789/45440 | ||
| 942 |
_2ddc _cSC |
||
| 999 |
_c611021 _d611021 |
||